| 000 | 00671cam a2200253 4500 | ||
|---|---|---|---|
| 008 | 090401t1995 xxu||||| |||| 00| 0 eng d | ||
| 020 | _a0632039043 | ||
| 035 | _a(Sirsi) u47711 | ||
| 041 | _aeng | ||
| 050 | _a690.3 | ||
| 100 | _aHughes, Terry | ||
| 245 | _aQuality assurance: a framework to build on | ||
| 250 | _a2nd edition | ||
| 260 |
_aOxford _bBlackwell Science Ltd. _c1995 |
||
| 300 | _axii, 187p. ; 24cm. | ||
| 350 | _a35 | ||
| 650 | _aBUILDING INDUSTRY | ||
| 650 | _aISO9000 | ||
| 650 | _aQUALITY ASSURANCE | ||
| 690 | _aMANAGEMENT-BUSINESS MANAGEMENT-PROFESSIONAL PRACTICE | ||
| 700 | _aWilliams, Trefor | ||
| 942 | _n0 | ||
| 948 | _c04/03/1997 | ||
| 999 |
_c92179 _d92179 |
||